000 00452ntaaa2200181 4500
003 01
005 20251027202457.0
008 0714s1973 ag 01
040 _aAR-BaBN
_bspa
_cAR-BaBN
_eaacr
_dRIC
082 _a220.2000 W181
100 _aWalker, J.B.R.
_923718
245 _aThe Comprehensive Concordance to the Holy Scripture
250 _a1 ed.
260 _as/d :
_bs/d,
_cs/d
300 _as/d
650 _aBiblia--concordancias
942 _cBK
999 _c19807
_d19807